Matemática 2 /
Guardado en:
| Autor Principal: | |
|---|---|
| Otros Autores: | , , |
| Formato: | Libro |
| Publicado: |
Buenos Aires :
Santillana,
1989
|
| Materias: | |
| Etiquetas: |
Agregar Etiqueta
Sin Etiquetas, Sea el primero en etiquetar este registro!
|
| LEADER | 01480nam a22002895a 4500 | ||
|---|---|---|---|
| 001 | CEM.cems005713 | ||
| 008 | 130507s1989##################000#0#####d | ||
| 005 | 20241204114902.0 | ||
| 245 | 1 | 0 | |a Matemática 2 / |c Patricia Sadovsky ... [et Al.] |
| 260 | |a Buenos Aires : |b Santillana, |c 1989 | ||
| 300 | |a 214 p. | ||
| 500 | |a Para nivel Educación General Básica | ||
| 505 | 0 | |a Relaciones -- Funciones -- Transformaciones en el plano -- El conjunto de los números racionales -- Operaciones con números racionales -- El cálculo aproximado -- Potenciación y radicación en Q -- La medida -- Proporcionalidad directa e inversa -- Organización de datos. Porcentaje -- La demostración en matemática -- Polígonos -- Paralelogramos -- Circunferencia -- Area de figuras planas | |
| 020 | |a 950460109X | ||
| 100 | 1 | |a Sadovsky, Patricia | |
| 700 | 1 | |a Kass, Marta | |
| 700 | 1 | |a Panizza, Mabel Gladys | |
| 700 | 1 | |a Reyna, Manuel Ignacio | |
| 082 | 0 | 4 | |a 510 |
| 653 | |a Matemática | ||
| 653 | |a Matemática-2º año | ||
| 859 | |a CEMS |b BIB. CEMS - Agricultura |h 510 |i Sa155 |p A17856.94 |t Ej.1 |v 2 |3 2 | ||
| 859 | |a CEMS |b BIB. CEMS - 11 de abril |h 510 |i Sa15 |p 15437.89 |t Ej.6 |v II |3 II | ||
| 859 | |a CEMS |b BIB. CEMS - 11 de abril |h 510 |i Sa15 |p 15506.89 |t Ej.8 |v II |3 II | ||
| 859 | |a CEMS |b BIB. CEMS - 11 de abril |h 510 |i Sa15 |p 15629.89 |t Ej.9 |v II |3 II | ||
| 859 | |a CEMS |b BIB. CEMS - 11 de abril |h 510 |i Sa15 |p 15630.89 |t Ej.10 |v II |3 II | ||
| 859 | |a CEMS |b BIB. CEMS - 11 de abril |h 510 |i Sa15 |p 15631.89 |t Ej.11 |v II |3 II | ||
